Guerrilla prince : (Record no. 70766)

000 -LEADER
fixed length control field 01083pam a2200313 a 4500
001 - CONTROL NUMBER
control field 1999192
003 - CONTROL NUMBER IDENTIFIER
control field NUST - PNEC
005 - DATE AND TIME OF LATEST TRANSACTION
control field 20170116181147.0
008 - FIXED-LENGTH DATA ELEMENTS--GENERAL INFORMATION
fixed length control field 900813s1991 mauaf b 001 0beng
010 ## - LIBRARY OF CONGRESS CONTROL NUMBER
LC control number 90046379
020 ## - INTERNATIONAL STANDARD BOOK NUMBER
International Standard Book Number 0316308935
040 ## - CATALOGING SOURCE
Transcribing agency LIBRARY
043 ## - GEOGRAPHIC AREA CODE
Geographic area code nwcu---
050 00 - LIBRARY OF CONGRESS CALL NUMBER
Classification number F1788.22.C3
Item number G48 1991
082 00 - DEWEY DECIMAL CLASSIFICATION NUMBER
Classification number 972.91064 GEY
--
Edition number
100 1# - MAIN ENTRY--PERSONAL NAME
Personal name Geyer, Georgie Anne,
Dates associated with a name 1935-
245 10 - TITLE STATEMENT
Title Guerrilla prince :
Remainder of title the untold story of Fidel Castro /
Statement of responsibility, etc. Georgie Anne Geyer.
250 ## - EDITION STATEMENT
Edition statement 1st ed.
260 ## - PUBLICATION, DISTRIBUTION, ETC.
Place of publication, distribution, etc. Boston :
Name of publisher, distributor, etc. Little, Brown,
Date of publication, distribution, etc. c.1991
300 ## - PHYSICAL DESCRIPTION
Extent xvii, 445 p., [8] p. of plates :
Other physical details ill. ;
Dimensions 24 cm.
504 ## - BIBLIOGRAPHY, ETC. NOTE
Bibliography, etc. note Includes bibliographical references (p. 417-431) and index.
600 10 - SUBJECT ADDED ENTRY--PERSONAL NAME
Personal name Castro, Fidel,
Dates associated with a name 1926-
General subdivision Psychology.
650 #0 - SUBJECT ADDED ENTRY--TOPICAL TERM
Topical term or geographic name entry element Heads of state
Geographic subdivision Cuba
Form subdivision Biography.
651 #0 - SUBJECT ADDED ENTRY--GEOGRAPHIC NAME
Geographic name Cuba
General subdivision History
Chronological subdivision 1933-1959.
651 #0 - SUBJECT ADDED ENTRY--GEOGRAPHIC NAME
Geographic name Cuba
General subdivision History
Chronological subdivision 1959-1990.
906 ## - LOCAL DATA ELEMENT F, LDF (RLIN)
a 7
b cbc
c orignew
d 1
e ocip
f 19
g y-gencatlg
942 ## - ADDED ENTRY ELEMENTS (KOHA)
Source of classification or shelving scheme
Koha item type Book
Holdings
Withdrawn status Lost status Source of classification or shelving scheme Damaged status Not for loan Permanent Location Current Location Shelving location Date acquired Total Checkouts Full call number Barcode Date last seen Price effective from Koha item type
          Pakistan Navy Engineering College (PNEC) Pakistan Navy Engineering College (PNEC)       972.91064 GEY PNECLIB-016373 10/13/2015   Book
© 2023 Central Library, National University of Sciences and Technology. All Rights Reserved.